| 000 | 00577nam a2200205 i 4500 | ||
|---|---|---|---|
| 001 | 58726 | ||
| 003 | ES-MaACL | ||
| 005 | 20230906163854.0 | ||
| 007 | t| | ||
| 008 | 031023s1970 cl ||||1| spa d | ||
| 080 | _a613.7:1(54) | ||
| 100 | 1 |
_aEdwin, B. _946678 |
|
| 245 | 1 | 0 |
_aPsico-yoga : _bpráctica del control mental / _cB. Edwin ; [traductor Sergio Tapia]. |
| 250 | _a1ª ed. | ||
| 260 |
_aSantiago de Chile : _bPomaire, _c1970. |
||
| 300 |
_a114 p., 8 lám. ; _c23 cm. |
||
| 650 | 4 |
_aYoga. _917859 |
|
| 700 | 1 |
_aTapia, Sergio. _9109231 |
|
| 852 | 4 |
_aES-MaACL _jC-44573 |
|
| 999 |
_c58726 _d58726 |
||